|
|
|
|
| LEADER |
00000nam0a2200000 4500 |
| 001 |
252518 |
| 005 |
20231101232747.0 |
| 035 |
|
|
|a (RuTPU)RU\TPU\book\274865
|
| 090 |
|
|
|a 252518
|
| 100 |
|
|
|a 20140304d1989 m y0rusy50 ca
|
| 101 |
0 |
|
|a rus
|
| 102 |
|
|
|a RU
|
| 105 |
|
|
|a a j 001zy
|
| 200 |
1 |
|
|a Электрические станции и подстанции систем электроснабжения
|e программированное учебное пособие
|f Е. В. Бондаренко
|g Ульяновский политехнический институт
|
| 210 |
|
|
|a Ульяновск
|c Изд-во УПИ
|d 1989
|
| 215 |
|
|
|a 68 с.
|c ил.
|
| 320 |
|
|
|a Библиогр.: с. 66.
|
| 606 |
1 |
|
|a Электроэнергетические системы
|2 stltpush
|3 (RuTPU)RU\TPU\subj\21043
|9 46092
|
| 610 |
1 |
|
|a учебные пособия
|
| 610 |
1 |
|
|a электрические станции
|
| 610 |
1 |
|
|a подстанции
|
| 610 |
1 |
|
|a распределительные устройства
|
| 610 |
1 |
|
|a разъединители
|
| 610 |
1 |
|
|a трансформаторы
|
| 610 |
1 |
|
|a электроустановки
|
| 675 |
|
|
|a 621.311.2(075.8)
|v 3
|
| 700 |
|
1 |
|a Бондаренко
|b Е. В.
|g Евгений Васильевич
|
| 712 |
0 |
2 |
|a Ульяновский политехнический институт
|2 stltpush
|3 (RuTPU)RU\TPU\col\5341
|9 24084
|
| 801 |
|
1 |
|a RU
|b 63413507
|c 20140304
|
| 801 |
|
2 |
|a RU
|b 63413507
|c 20200916
|g RCR
|
| 942 |
|
|
|c BK
|